One day at a time--never a dull moment : (Record no. 18067)
[ view plain ]
| 000 -LEADER | |
|---|---|
| fixed length control field | 00687nam a22002297a 4500 |
| 003 - CONTROL NUMBER IDENTIFIER | |
| control field | OSt |
| 005 - DATE AND TIME OF LATEST TRANSACTION | |
| control field | 20140310182959.0 |
| 008 - FIXED-LENGTH DATA ELEMENTS--GENERAL INFORMATION | |
| fixed length control field | 130208t xxu||||| |||| 00| 0 eng d |
| 020 ## - INTERNATIONAL STANDARD BOOK NUMBER | |
| International Standard Book Number | 9719174951 |
| 050 ## - LIBRARY OF CONGRESS CALL NUMBER | |
| Classification number | BT 268 |
| Item number | .K836 2002 |
| 100 ## - MAIN ENTRY--PERSONAL NAME | |
| Personal name | Kong, Francis J. |
| 245 ## - TITLE STATEMENT | |
| Title | One day at a time--never a dull moment : |
| Statement of responsibility, etc | Francis J. Kong |
| Remainder of title | a daily dose of inspiration for the man at work / |
| 260 ## - PUBLICATION, DISTRIBUTION, ETC. (IMPRINT) | |
| Date of publication, distribution, etc | [S. l.]: |
| Place of publication, distribution, etc | [S. n.], |
| Name of publisher, distributor, etc | 2002. |
| 300 ## - PHYSICAL DESCRIPTION | |
| Extent | 249 p. : |
| Dimensions | 21 cm. |
| 521 ## - TARGET AUDIENCE NOTE | |
| Target audience note | |
| 562 ## - COPY AND VERSION IDENTIFICATION NOTE | |
| Number of copies | 1 |
| 650 ## - SUBJECT ADDED ENTRY--TOPICAL TERM | |
| Topical term or geographic name as entry element | Work |
| Form subdivision | literary collection |
| 650 ## - SUBJECT ADDED ENTRY--TOPICAL TERM | |
| Topical term or geographic name as entry element | Businessmen |
| Form subdivision | literary collection |
| 650 ## - SUBJECT ADDED ENTRY--TOPICAL TERM | |
| Topical term or geographic name as entry element | Businessmen ( inspirational writings ) |
| 942 ## - ADDED ENTRY ELEMENTS (KOHA) | |
| Source of classification or shelving scheme | Library of Congress Classification |
| Koha item type | Books |
| Call number prefix | Local |
| Withdrawn status | Lost status | Source of classification or shelving scheme | Damaged status | Home library | Current library | Shelving location | Date acquired | Total Checkouts | Total Renewals | Full call number | Barcode | Date last seen | Date checked out | Copy number | Price effective from | Koha item type |
|---|---|---|---|---|---|---|---|---|---|---|---|---|---|---|---|---|
| Library of Congress Classification | College Library | College Library | General Circulation Section | 02/08/2013 | 2 | 10 | BT 268 .K836 2002 | C8659 | 05/20/2019 | 02/19/2019 | 1 | 02/08/2013 | Books |